| 000 | 00560nam a2200169 4500 | ||
|---|---|---|---|
| 001 | 118664 | ||
| 003 | ES-MaACL | ||
| 005 | 20230906191140.0 | ||
| 007 | t| | ||
| 008 | 070214s1942 sp r ||||1| spa d | ||
| 100 | 1 |
_aPérez Botija, Eugenio. _990674 |
|
| 245 | 1 | 4 |
_aLas nuevas doctrinas sobre el Contrato de Trabajo / _cEugenio Pérez Botija. |
| 260 |
_aMadrid : _bInstituto Editorial Reus, _c1942. |
||
| 300 |
_a30 p. ; _c25 cm. |
||
| 500 | _aPublicación en la Rev. de Jurisprudencia y Legislación, julio 1942. | ||
| 852 |
_aES-MaACL _j1835-F-21 _bR.19741 |
||
| 999 |
_c118664 _d118664 |
||